00338pam a2200121 a 4500020000500000041000500005082001500010245008800025260004700113300001900160653001500179700002200194 c h a006.7bSTE aMultimedia : Computing Communications and Applications / cNULL.hTextual Documents aDelhi : bPearson Education Inc. , c2002. a628 ; c28*22. aMultimedia aNahrstedt, Klara.